| 000 | 00772nam a22002057a 4500 | ||
|---|---|---|---|
| 999 |
_c20037 _d20037 |
||
| 003 | AR-CdUCM | ||
| 008 | 190524b ||||| |||| 00| 0 spa d | ||
| 040 |
_aMUNICIPALIDAD PROVINCIAL DEL CUSCO _cBIBLIOTECA MUNICIPAL DEL CUSCO |
||
| 082 |
_a658 / _bJ54 |
||
| 100 |
_aJiménez Castro, Wilburg _941915 |
||
| 245 | _aIntroducción al estudio de la teoría administrativa / | ||
| 260 |
_aMéxico : _bLimusa, _c1987. |
||
| 300 |
_a430 páginas ; _c26 cm. |
||
| 505 | _aContenido : SIgnificado de la palabra administración -- Definiciones de administración -- Clasificación de administracion... | ||
| 650 |
_aPapel de la administración _941916 |
||
| 650 |
_aempresas _95583 |
||
| 650 |
_aAdministración como estabilizador _941917 |
||
| 942 |
_2ddc _cLIBROS |
||
| 945 | _arcc | ||